000
00281nam a2200121 a 4500
008
120420s1964|||| d
100
1
_a
Procházka, Miro
245
1
0
_a
Most cez rieku Inn
260
_b
Šport
_a
Bratislava
_c
1964
020
_c
6,50
041
_a
slo
044
_a
xo
_c
SK
999
_c
20180
_d
20180